Insurance : (Record no. 61440)
[ view plain ]
| 000 -LEADER | |
|---|---|
| fixed length control field | 00699nam a2200241 a 4500 |
| 001 - CONTROL NUMBER | |
| control field | 61440 |
| 003 - CONTROL NUMBER IDENTIFIER | |
| rucl marc code | BD-RjUL |
| 005 - DATE AND TIME OF LATEST TRANSACTION | |
| control field | 20211209080950.0 |
| 008 - FIXED-LENGTH DATA ELEMENTS--GENERAL INFORMATION | |
| fixed length control field | 170118m19681953us a 001 0 eng d |
| 035 ## - SYSTEM CONTROL NUMBER | |
| System control number | (BD-RjUL)61564 |
| 040 ## - CATALOGING SOURCE | |
| Original cataloging agency | DLC |
| Transcribing agency | TxU-Da |
| Modifying agency | BD-RjUL |
| Language of cataloging | eng |
| 041 ## - LANGUAGE CODE | |
| Language code of text/sound track or separate title | eng |
| 082 ## - DEWEY DECIMAL CLASSIFICATION NUMBER | |
| Classification number | 368 |
| Edition number | 23 |
| Author mark and year | ALI 1968 |
| 100 1# - MAIN ENTRY--PERSONAL NAME | |
| Personal name | Allen, Francis T. |
| 9 (RLIN) | 183155 |
| 245 10 - TITLE STATEMENT | |
| Title | Insurance : |
| Remainder of title | general principles / |
| Statement of responsibility, etc. | by Francis T. Allen and Sidney I. Simon |
| 250 ## - EDITION STATEMENT | |
| Edition statement | 3d ed. |
| 260 ## - PUBLICATION, DISTRIBUTION, ETC. (IMPRINT) | |
| Place of publication, distribution, etc. | New Jersey : |
| Name of publisher, distributor, etc. | Littlefield, |
| Date of publication, distribution, etc. | 1953 [Reprinted 1968] |
| 300 ## - PHYSICAL DESCRIPTION | |
| Pagination | x, 245 p. : |
| Illustrations | ill ; |
| Size | 21 cm. |
| 500 ## - GENERAL NOTE | |
| General note | Include index. |
| 650 #0 - SUBJECT ADDED ENTRY--TOPICAL TERM | |
| Topical term or geographic name as entry element | Insurance. |
| 9 (RLIN) | 176032 |
| 700 1# - ADDED ENTRY--PERSONAL NAME | |
| Personal name | Simon, Sidney I. |
| 942 ## - ADDED ENTRY ELEMENTS (KOHA) | |
| Source of classification or shelving scheme | Dewey Decimal Classification |
| Koha item type | Books |
| Lost status | Source of classification or shelving scheme | Damaged status | Not for loan | Collection code | Permanent Location | Current Location | Shelving location | Date acquired | Source of acquisition | Total Checkouts | Full call number | Date last seen | Copy number | Koha item type |
|---|---|---|---|---|---|---|---|---|---|---|---|---|---|---|
| Dewey Decimal Classification | Non-fiction | Central Library, University of Rajshahi | Central Library, University of Rajshahi | Reading Room | 22/07/1971 | zeitlinger | 368 ALI 1968 | 18/01/2017 | C-1 | Books |